Economic Reform and Vision of North East India/ (Record no. 190191)
[ view plain ]
| 000 -LEADER | |
|---|---|
| fixed length control field | 00573nam a22001817a 4500 |
| 005 - DATE AND TIME OF LATEST TRANSACTION | |
| control field | 20220720122053.0 |
| 010 ## - LCCN (DPL NO) | |
| LC control number | ENG-133717 |
| 020 ## - INTERNATIONAL STANDARD BOOK NUMBER | |
| International Standard Book Number | 9789383546138 |
| Terms of availability | 500.00 |
| 035 ## - SYSTEM CONTROL NUMBER | |
| System control number | EN-117249 |
| 037 ## - SOURCE OF ACQUISITION | |
| Source of stock number/acquisition | DBAD/PUB |
| 082 ## - DEWEY DECIMAL CLASSIFICATION NUMBER | |
| Classification number | 339.509541 |
| 100 ## - MAIN ENTRY--PERSONAL NAME | |
| Personal name | Baisoya, Nitin |
| 245 ## - TITLE STATEMENT | |
| Title | Economic Reform and Vision of North East India/ |
| Statement of responsibility, etc | Nitin Baisoya |
| 260 ## - PUBLICATION, DISTRIBUTION, ETC. (IMPRINT) | |
| Place of publication, distribution, etc | Guwahati |
| Name of publisher, distributor, etc | Matri Publisher & Distributor |
| Date of publication, distribution, etc | 2015 |
| 270 ## - ADDRESS | |
| Address | Opp. Brahmaputra Jute Mill A.K. Azad Road |
| City | Guwahati |
| Postal code | 780001 |
| 300 ## - PHYSICAL DESCRIPTION | |
| Extent | 248p.: |
| Dimensions | 22cm(hbk) |
| 942 ## - ADDED ENTRY ELEMENTS (KOHA) | |
| Source of classification or shelving scheme | Dewey Decimal Classification |
| Item type | English Books |
| Classification part | 339.509541 |
| Call number suffix | BAI |
| Withdrawn status | Lost status | Not for loan | Collection code | Home library | Current library | Date acquired | Source of acquisition | Cost, normal purchase price | Full call number | Barcode | Copy number | Cost, replacement price | Koha item type |
|---|---|---|---|---|---|---|---|---|---|---|---|---|---|
| Non-fiction | Bawana | Bawana | 20/07/2022 | DBAD/PUB | 500.00 | 339.509541 BAI | EN-117249 | 1 | 500.00 | English Books |
